| 000 | 00392nam a2200133Ia 4500 | ||
|---|---|---|---|
| 008 | 230917s9999||||xx |||||||||||||| ||und|| | ||
| 040 |
_e184419 _aMAIN |
||
| 041 | _aEnglish | ||
| 082 | _a34:368 J53J | ||
| 245 | 0 | _aJeevan Beema (Apat upbandh) adhiniyam, 1956 (1956 ka adhiniyam sankhya 9) | |
| 260 |
_aNew Delhi _bGovt. of India, Deptt. of Publication _c1975 |
||
| 300 | _a8 p. | ||
| 942 | _cBK | ||
| 999 |
_c220423 _d220423 |
||